000 00659nas a2200217 a 4500
001 000483675
003 AM-YEHGA
005 20251001144216.0
008 060407c18899999gs |rzp 0 0arm d
040 _aAM-YeHGA
041 0 _aarm
222 0 _aՄուրճ
245 0 0 _aՄուրճ :
_bԳրական, հասարակական և քաղաքական ամսագիր.
260 _aԹիֆլիս :
_bԱ.հ.,
_c1889-.
300 _aհամար
362 0 _a1889-
650 0 4 _aԱմսագիր
650 1 4 _aԳրականություն
_xՊարբերականներ
650 1 4 _aՔաղաքականություն
_xՊարբերականներ
942 _2udc
_cCR
999 _c177862
_d177862